01688cam a2200361 i 45000010009000000050017000090080041000260100017000670200029000840200026001130400028001390420008001670430012001750500026001870820023002131000030002362450116002662640069003823000024004513360021004753370025004963380023005214900077005445050318006216500035009396500044009746510036010186510049010549060045011039420028011489990019011769520131011951754506020221216113012.0121130s2013 enk b 001 0 eng  a 2012040026 a9780415625302 (hardback) z9780203552223 (ebook) aDLCbengcDLCerdadDLC apcc aa-ii---00aHN690.Z9b.S6567 201300a305.800954,SIN2231 aSingh, Sinderpal.910504810aIndia in South Asia :bdomestic identity politics and foreign policy from Nehru to the BJP / cSinderpal Singh. 1aMilton Park, Abingdon, Oxon ;aNew Nork, NY :bRoutledge,c2013. a163 pages ;c24 cm. atext2rdacontent aunmediated2rdamedia avolume2rdacarrier0 aRoutledge advances in international relations and global politics ;v108 aIntroduction (Page-1), Nehru and the invention of India (Page-12), The case of Pakistan and Nepal (Page-28), Indira Gandhi and the idea of India (Page-48), The case of Pakistan and Sri Lanka (Page-65), The BJP era and the construction of Indian identity (Page-85), Dealing with Pakistan and Bangladesh (Page-99). 0aGroup identityzIndia.9105049 0aElite (Social sciences)zIndia.9105050 0aIndiaxForeign relations.98767 0aIndiaxPolitics and governmenty1947-912045 a7bcbccorignewd1eecipf20gy-gencatlg 2ddccBKk305.800954,SIN c592710d592710 00102ddc4070aMCSbMCScGENd2022-12-16l0o305.800954,SINpMCS37559r2022-12-16w2022-12-16yBKzAlmirah No.49, Shelf No.2